Pomazanie nové dielo autora knihy Dobré ráno, Duchu Svätý
| Main Author: | |
|---|---|
| Other Authors: | |
| Format: | Book |
| Language: | Slovak Hungarian English |
| PhysicalDescription: | 154 strán 21 cm |
| Published: |
Humenné
Kresťanské spoločenstvo Humenné
2004
|
| ISBN: | 8089098045 |
| Edition: | 1. slov. vyd. |
| Subjects: |
MARC
| LEADER | 00000cam a2200000 a 4500 | ||
|---|---|---|---|
| 001 | vtls001483913 | ||
| 003 | SK-MaSNL | ||
| 005 | 20260302073711.0 | ||
| 008 | 240226s2004 xo gr 000 0 slo | ||
| 015 | |a SNBA2004/12-06487 | ||
| 020 | |a 8089098045 |q (brožované) | ||
| 035 | |a SNK000439207 | ||
| 035 | |a urn:nbn:sk:snk-am3j3d3 | ||
| 035 | |a 9C663666-6A25-4656-9258-115961C86417 | ||
| 035 | |a urn:nbn:sk:snk-am00gh5a | ||
| 040 | |a SNK |b slo |c SNK |e AACR2 | ||
| 041 | 1 | |a slo |h hun |h eng | |
| 044 | |a xo |c SK | ||
| 072 | 7 | |a 27-1/-2 |x Kresťanská teológia. Dogmatická teológia |2 konspekt | |
| 080 | |a 27-144.896 |2 2011 | ||
| 080 | |a 27-584 |2 2011 | ||
| 080 | |a 27-4 |2 2011 | ||
| 080 | |a 27-277.2 |2 2011 | ||
| 080 | |a (0:82-4) |2 2011 | ||
| 080 | |a 27-557-536.2 |2 2011 | ||
| 100 | 1 | |a Hinn, Benny, |d 1952- |4 aut |9 528470 | |
| 240 | 1 | 4 | |a The anointing |l Slovensky |
| 245 | 1 | 0 | |a Pomazanie |b nové dielo autora knihy Dobré ráno, Duchu Svätý |c Benny Hinn ; [preklad z maďarčiny: Anna Mináriková] |
| 250 | |a 1. slov. vyd. | ||
| 260 | |a Humenné |b Kresťanské spoločenstvo Humenné |c 2004 | ||
| 300 | |a 154 strán |c 21 cm | ||
| 650 | 0 | 7 | |a Duch svätý |2 SNKPH |9 1927 |
| 650 | 0 | 7 | |a duchovný život |2 SNKPH |9 1807 |
| 650 | 0 | 7 | |a kresťanský život |2 SNKPH |9 1808 |
| 650 | 0 | 7 | |a biblické citáty |2 SNKPH |9 1914 |
| 650 | 0 | 7 | |a sviatosť pomazania chorých |2 SNKPH |9 827 |
| 655 | 7 | |a úvahy |2 SNKPH |9 29403 | |
| 700 | 1 | |a Mináriková, Anna |4 trl |9 565964 | |
| 919 | |a 80-89098-04-5 | ||
| 958 | |a NT | ||
| 958 | |a OP | ||
| 958 | |a OND | ||
| 968 | |a Slo |b ENG |c MAG | ||
| 999 | |c 1162006 |d 1163936 | ||
| 952 | |t P60, <03>, [BOOK], {603}, -K- |a SNK |b SNK |y PREZ |7 0 |p 17A0448944 |o snkSC 117688 |i snkKSP 13617/2004 |0 0 |1 0 |4 0 |d 2004-10-20 |f 1 |l 0 |r 2025-10-07 00:00:00 |w 2026-02-24 | ||
| 952 | |t P60, <04>, [BOOK], {604} |a SNK |b SNK |y VYP |7 0 |p 17A0448945 |o snkSC 117688 D1 |i snkKSP 13618/2004 |0 0 |1 0 |4 0 |d 2004-10-20 |l 0 |r 2005-01-02 00:00:00 |w 2026-02-24 | ||


